Tilastot visalle Kirjaimella L alkavien valtioiden liput

Klikkaa tästä pelataksesi tätä visaa!

Yleistilastot

  • Tätä visaa on pelattu 12 kertaa
  • Keskiarvotulos 8 / 9

Vastaustilastot

Vastaus% Oikein
Libanon
100%
Liettua
100%
Laos
91%
Latvia
91%
Liberia
91%
Libya
91%
Luxemburg
91%
Lesotho
82%
Liechtenstein
73%

Tulosjakauma

Persentiili vastausten määrän mukaan

Jokaisen tuloksen saaneiden osuus

Tuloshistoriasi

Et ole pelannut tätä visaa